<?xml version="1.0" encoding="UTF-8"?>
<collection xmlns="http://www.loc.gov/MARC21/slim">
<record>
  <controlfield tag="001">4854</controlfield>
  <controlfield tag="005">20200319173653.0</controlfield>
  <datafield tag="037" ind1=" " ind2=" ">
    <subfield code="a">CTALK-2020-0112</subfield>
  </datafield>
  <datafield tag="100" ind1=" " ind2=" ">
    <subfield code="a">Katsiyannis, Thanassis</subfield>
  </datafield>
  <datafield tag="245" ind1=" " ind2=" ">
    <subfield code="a">EUI data exploitation and synergy with other instruments</subfield>
  </datafield>
  <datafield tag="260" ind1=" " ind2=" ">
    <subfield code="c">2020</subfield>
  </datafield>
  <datafield tag="269" ind1=" " ind2=" ">
    <subfield code="c">2020-03-13</subfield>
  </datafield>
  <datafield tag="520" ind1=" " ind2=" ">
    <subfield code="a">The Extreme Ultraviolet Imager (EUI) is one of the larger instruments of the Solar Orbiter (SO) mission. Both the capabilities of this unique imager and the technical limitations imposed by its orbit will be presented. One of the central scientific goals of the Solar Orbiter mission is to advance the 'connection science' of what spaceborne and ground remote sensing instruments observe, to what is measured by in-situ instruments (including those on SO and Parker Solar Probe). In this talk we will also present how recent and upcoming innovations from the jHelioviewer project can help researchers visualise orbits, view perspectives, different field-of-views and connections throughout the inner heliosphere. All those novel additions aim at facilitating the use of EUI data by solar physicists with limited experience on EUV image data, hence achieving the broadest possible use of EUI data by the science community.</subfield>
  </datafield>
  <datafield tag="594" ind1=" " ind2=" ">
    <subfield code="a">STCE</subfield>
  </datafield>
  <datafield tag="653" ind1="1" ind2=" ">
    <subfield code="a">EUI</subfield>
  </datafield>
  <datafield tag="653" ind1="1" ind2=" ">
    <subfield code="a">JHelioviewer</subfield>
  </datafield>
  <datafield tag="700" ind1=" " ind2=" ">
    <subfield code="a">Zhukov, Andrei</subfield>
  </datafield>
  <datafield tag="700" ind1=" " ind2=" ">
    <subfield code="a">Berghmans, David</subfield>
  </datafield>
  <datafield tag="700" ind1=" " ind2=" ">
    <subfield code="a">Nicula, Bogdan</subfield>
  </datafield>
  <datafield tag="773" ind1=" " ind2=" ">
    <subfield code="t">The near-Sun solar wind at solar minimum, RAS specialist Discussion Meeting, London, UK</subfield>
  </datafield>
  <datafield tag="856" ind1="0" ind2=" ">
    <subfield code="f">thanassis.katsiyannis@observatoire.be</subfield>
  </datafield>
  <datafield tag="856" ind1="4" ind2=" ">
    <subfield code="s">303895105</subfield>
    <subfield code="u">http://publi2-as.oma.be/record/4854/files/EUI_JHV_20200313.key</subfield>
  </datafield>
  <datafield tag="906" ind1=" " ind2=" ">
    <subfield code="a">Contributed</subfield>
  </datafield>
  <datafield tag="980" ind1=" " ind2=" ">
    <subfield code="a">CTALKCONT</subfield>
  </datafield>
</record>
</collection>